00749nam a22002177a 4500999001700000003000900017008004100026040007100067082002500138100002400163245003700187260002600224300002700250505003000277650002400307650003200331650002800363942001500391945002100406952010400427 c13300d13300AR-CdUCM190411b ||||| |||| 00| 0 spa d aMUNICIPALIDAD PROVINCIAL DEL CUSCOcBIBLIOTECA MUNICIPAL DEL CUSCO a344.07 /bP59 / 1939 aPino, Raquel T. del aRetroactividad de la ley penal / aBuenos Aires :c1939. a38 páginas ;c22 cm. aContenido: Derecho penal. aDerecho penal95831 aCiencias jurídicas915945 aCiencias sociales91096 2ddccTESIS adavvd11/04/2019 002ddc4070aSCAbSCAcCARTd2019-04-11g10.00o344.07 / P59 / 1939pSCA0002660r2019-04-11yTESIS